00228 a2200109 4500001000700000020000600007040001100013100002000024240003500044245003000079362000900109164597 a  cMagnum aMckeown, Arthur10aRicky banks music stars !lING10aRicky banks music stars !0 a1899